Stabilization without Crisis <The> Case of Vietnam
Uložené v:
| Hlavný autor: | |
|---|---|
| Médium: | Kniha |
| Jazyk: | English |
| Vydavateľské údaje: |
Kiel
Institut für Weltwirtschaft
1993
|
| Edícia: | Kiel Working Paper
No.578 |
| Predmet: | |
| Tagy: |
Žiadne tagy, Buďte prvý, kto otaguje tento záznam!
|
MARC
| LEADER | 00000nam a2200000 4500 | ||
|---|---|---|---|
| 001 | c005227 | ||
| 005 | 20250521093102.5 | ||
| 041 | 0 | |a eng | |
| 044 | |a DE | ||
| 245 | 1 | 0 | |a Stabilization without Crisis |b <The> Case of Vietnam |c Markus Diehl |
| 264 | 1 | |a Kiel |b Institut für Weltwirtschaft |c 1993 | |
| 300 | |a 25 s. | ||
| 490 | 1 | |a Kiel Working Paper |v No.578 | |
| 830 | 0 | |a Kiel Working Paper |v No.578 | |
| 610 | 2 | 0 | |a Vietnam |
| 610 | 2 | 0 | |a vývoj hospodársky |
| 610 | 2 | 0 | |a inflácia |
| 610 | 2 | 0 | |a stabilizácia hospodárstva |
| 610 | 2 | 0 | |a rozpočet štátny |
| 610 | 2 | 0 | |a bankovníctvo |
| 610 | 2 | 0 | |a politika menová |
| 100 | 1 | |a Diehl, Markus | |